000 00262nam a2200097Ia 4500
001 689917
005 20250826161806.0
008 250824s9999 xx 000 0 und d
245 0 _aKAYIP ARANIYOR
_cSAİT FAİK ABASIYANIK
260 _bTÜRKİYE İŞ BANKASI YAYINLARI
999 _c689917
_d689917